00665nam a2200205Ia 4500008004100000020001500041082001300056100001800069245003900087250000800126260003000134300000800164500002400172650001400196700001100210942000700221952010800228952010800336999001500444230524s9999 xx 000 0 und d a8121917875 a546bPRA aSatya Prakash 0aAdvance In Organic Chemistry Vol-2 a4TH aNEW DELHIbS. Chandc2005 a655 aQuantity Number: 2 aChemistry a. Atal cBK 00104070aTATCLbTATCLcGENd2023-05-24l0o546 PRAp6104r2023-05-24tVOL-IIw2023-05-24yBKzBS1102 00104070aTATCLbTATCLcGENd2023-05-24l0o546 PRAp6105r2023-05-24tVOL-IIw2023-05-24yBKzBS1102 c1499d1499